Bandes dessinées par titres d'albums - Clic Quiz - Statistiques

Statistiques générales
  • Ce quiz a été pris 17 246 fois
  • Le résultat moyen est 8 sur 15
Statistiques - réponses
Hint Réponse % Correct
Le Schtroumpfissime
94%
Ce coquin de cocker
87%
Gala de gaffes
78%
L'Étoile Mystérieuse
75%
La Ballade de la mer salée
67%
La Loi du préau
55%
Tour de génie
50%
Le Tapis magique
49%
Men In Blork
49%
La Grande Traversée
46%
Trop tôt pour toi, gamin !
42%
Un amour de potache
38%
À l'ombre des derricks
31%
La Flûte à six schtroumpfs
26%
Z comme Zorglub
26%
Aucun quiz correspondant
Distribution des résultats
% des personnes avec chaque résultat
Percentile par nombre de réponses
Votre historique - résultats
Vous n’avez pas pris ce quiz